000 00887nam a2200313 a 4500
001 13733
003 BD-RjUL
005 20211208235514.0
008 140201s1998 bg 000 0 eng
020 _a9840737708
035 _a(UkLCURL)l80099935030
_a(BD-RjUL)13785
040 _aDLC
_cDLC
_beng
_dBD-RjUL
041 1 _aeng
_aben
082 0 4 _223
_a891.4437
_bKHD 1998
100 1 _aKhan, Razia.
_942971
245 1 0 _aDraupadi /
_cRazia Khan.
250 _a1st ed.
260 _aDhaka :
_bBangla Academy,
_c1998.
300 _a179 p ;
_c21 cm.
490 _aB. A. (1997-98: LLCJD: Language & Literature Section: 13) ;
_v3761
500 _aTranslations into English.
520 _aNovel.
650 0 _aBengali fiction
_vTranslations into English.
_942972
942 _2ddc
_cBK
999 _c13733
_d13733